000 00371nam a2200145Ia 4500
008 191201s2004 xx 000 0 und d
082 _a621.34
_bGUI
100 _aGUPTA, P V
245 0 _aIntroductory Course in Electromagnetic Fields
250 _a25th
260 _aN.Delhi
_bDhanpat Rai Pub (P) Ltd
_c2004
300 _a406
650 _aB.Tech(ECE)
942 _2ddc
_cBK
999 _c1397
_d1397